Financování ve veřejném a neziskovém nestátním sektoru

Saved in:
Bibliographic Details
Main Author: Hamerníková, Bojka
Format: Book
Language:Czech
Published: Praha Eurolex Bohemia 2000
Subjects:
Tags: Add Tag
No Tags, Be the first to tag this record!

MARC

LEADER 00000nam a2200000 4500
001 c124274
005 20221108093121.8
020 |a 80-902752-3-0 
041 0 |a cze 
044 |a CZ 
245 1 0 |a Financování ve veřejném a neziskovém nestátním sektoru  |c Bojka Hamerníková 
264 1 |a Praha  |b Eurolex Bohemia  |c 2000 
300 |a 213 s. 
610 2 0 |a sektor verejný 
610 2 0 |a financovanie 
610 2 0 |a politika finančná 
610 2 0 |a financie verejné 
610 2 0 |a štát 
610 2 0 |a analýzy 
610 2 0 |a transformácia 
610 2 0 |a legislatíva 
610 2 0 |a organizácie neziskové 
610 2 0 |a rozpočty 
610 2 0 |a Česko 
100 1 |a Hamerníková, Bojka